Compilación de bibliografía sobre estudios de toxicidad aguda y subaguda de siete especies vegetales de la flora medicinal colombiana (Registro nro. 8014)

Detalles MARC
000 -CABECERA
Campo de control 00647nam a22001937a 4500
005 - FECHA Y HORA DE LA ULTIMA TRANSACCION
Campo de control 20160122133736.0
008 - ELEMENTOS DE LONGITUD FIJA—INFORMACION GENERAL
Campo de control 131205b ||||| |||| 00| 0 spa d
040 ## - FUENTE DE CATALOGACIÓN
Agencia catalogadora original CO-BoIAVH
Agencia transcriptora CO-BoIAVH
041 ## - IDIOMA
Código de idioma para texto/pista de sonido o título separado Español
090 ## - CLASIFICACIÓN LOCAL
Colección LB
Consecutivo 05844
245 00 - MENCION DE TITULO
Título Compilación de bibliografía sobre estudios de toxicidad aguda y subaguda de siete especies vegetales de la flora medicinal colombiana
260 ## - PUBLICACION, DISTRIBUCION, ETC. (PIE DE IMPRENTA)
Lugar de publicación, distribución, etc. s.l.
Nombre del editor, distribuidor, etc. s.e.
Fecha de publicación, distribución, etc. s.f.
300 ## - DESCRIPCION FISICA
Extensión 300 p.
Dimensiones 28 cm.
500 ## - NOTA GENERAL
Nota general Compilación bibliográfica
650 ## - ASIENTO SECUNDARIO DE MATERIA - TERMINO TEMATICO
Término temático o nombre geográfico como elemento de entrada plantas medicinales
Subdivisión geográfica Colombia
9 (RLIN) 53765
650 ## - ASIENTO SECUNDARIO DE MATERIA - TERMINO TEMATICO
Término temático o nombre geográfico como elemento de entrada especies vegetales
Subdivisión general toxicidad
Subdivisión geográfica Colombia
9 (RLIN) 53766
651 ## - ASIENTO SECUNDARIO DE MATERIA - NOMBRE GEOGRAFICO
Nombre geográfico c
9 (RLIN) 3292
942 ## - ELEMENTOS ADICIONALES (KOHA)
Sistema de clasificación Local
Tipo de ítem Informe Técnico
Existencias
Withdrawn status Lost status Sistema de Clasificación Damaged status No para préstamo Colección Inventariado Ubicación Permanente Ubicación actual Fecha de adquisición Total Checkouts Número topográfico Inventario / Código de Barras Date last seen Ejemplar Price effective from Tipo de material
    Local     General Inventariado 2017 Bogotá Bogotá 05/12/2013   LB-05844 043630 05/12/2013 Ej. 1 05/12/2013 Informe Técnico